Musique de The Weeknd - Statistiques

Statistiques générales
  • Ce quiz a été pris 34 fois
  • Le résultat moyen est 5 sur 10
Statistiques - réponses
Hint Réponse % Correct
Tryna be a better man, but I'm heartless Heartless
77%
I can't feel my face when I'm with you Can't feel my face
73%
Beggin' on her knees to be popular Popular
73%
We don't pray for love, we just pray for cars Starboy
60%
You look so happy when I'm not with you save your tears
53%
I only call you when it's half past five The Hills
53%
You're scared to be lonely, especially in the night Die for you
50%
I see there's something burning inside you In your eyes
33%
You should be with him, I let you go from time Moth to a flame
30%
Girl, I felt so alone inside of this crowded room After hours
17%
Aucun quiz correspondant
Distribution des résultats
% des personnes avec chaque résultat
Percentile par nombre de réponses
Votre historique - résultats
Vous n’avez pas pris ce quiz